| 000 | 00709nam a22001697a 4500 | ||
|---|---|---|---|
| 008 | 150716b xxu||||| |||| 00| 0 eng d | ||
| 020 | _a9781405896139 | ||
| 050 | _aCD-ROM QA 11.154 .Ex96t7 2009 | ||
| 100 | _aStraker, Anita | ||
| 245 |
_aExploring maths 7 : _bteacher's CD-ROM |
||
| 260 |
_aGreat Britain, Scotprint _bPearson, Longman _c2009 |
||
| 300 |
_a3 v. _b : ill. ; _c 28 cm + 1 CD-ROM (4 3/4 in.) |
||
| 500 | _aSystem requirements for accompanying disc: 4 GHz Pentium Processor; 1 GB RAM; 1 GB free hard disk; 1024x768 display; sound card and speakers; 16x CD-ROM drive. | ||
| 650 | _aMathematics -- Study and teaching (Secondary) | ||
| 700 | _aAnita Straker ... [et al.]. | ||
| 942 |
_2lcc _cED |
||
| 999 |
_c288298 _d288298 |
||